MARC details
| 000 -LEADER |
| fixed length control field |
01627cam a2200409 i 4500 |
| 003 - CONTROL NUMBER IDENTIFIER |
| control field |
EG-GICUC |
| 005 - DATE AND TIME OF LATEST TRANSACTION |
| control field |
20260122144151.0 |
| 008 - FIXED-LENGTH DATA ELEMENTS--GENERAL INFORMATION |
| fixed length control field |
080401s2007 enk frb 001 0 eng d |
| 020 ## - INTERNATIONAL STANDARD BOOK NUMBER |
| International Standard Book Number |
9780521878029 |
| Qualifying information |
hbk. |
| 020 ## - INTERNATIONAL STANDARD BOOK NUMBER |
| International Standard Book Number |
9780521141987 |
| 020 ## - INTERNATIONAL STANDARD BOOK NUMBER |
| International Standard Book Number |
0521878020 |
| Qualifying information |
hbk. |
| 040 ## - CATALOGING SOURCE |
| Original cataloging agency |
UKM |
| Transcribing agency |
UKM |
| Modifying agency |
BTCTA |
| -- |
BAKER |
| -- |
YDXCP |
| -- |
C#P |
| -- |
GZL |
| -- |
DLC |
| -- |
EG-GICUC |
| Language of cataloging |
eng |
| Description conventions |
rda |
| 050 00 - LIBRARY OF CONGRESS CALL NUMBER |
| Classification number |
KZ6373 |
| Item number |
.F37 2007 |
| 082 04 - DEWEY DECIMAL CLASSIFICATION NUMBER |
| Classification number |
341.23 |
| Edition number |
21 |
| 092 04 - LOCALLY ASSIGNED DEWEY CALL NUMBER (OCLC) |
| Edition number |
21 |
| 099 ## - LOCAL FREE-TEXT CALL NUMBER (OCLC) |
| Classification number |
Law 11 2007 |
| 100 1# - MAIN ENTRY--PERSONAL NAME |
| Personal name |
Farrall, Jeremy Matam. |
| 245 10 - TITLE STATEMENT |
| Title |
United Nations sanctions and the rule of law / |
| Statement of responsibility, etc. |
by Jeremy Matam Farrall. |
| 264 ## - PRODUCTION, PUBLICATION, DISTRIBUTION, MANUFACTURE, AND COPYRIGHT NOTICE |
| Place of production, publication, distribution, manufacture |
Cambridge : |
| Name of producer, publisher, distributor, manufacturer |
Cambridge University Press, |
| Date of production, publication, distribution, manufacture, or copyright notice |
2007. |
| 300 ## - PHYSICAL DESCRIPTION |
| Extent |
xxv, 542 pages ; |
| Dimensions |
24 cm. |
| 336 ## - CONTENT TYPE |
| Content type term |
text |
| Source |
rdacontent |
| 337 ## - MEDIA TYPE |
| Media type term |
Computer |
| Source |
rdamedia |
| 338 ## - CARRIER TYPE |
| Carrier type term |
Online Resource |
| Source |
rdacarrier |
| 440 #0 - SERIES STATEMENT/ADDED ENTRY--TITLE |
| Title |
Cambridge studies in international and comparative law |
| 504 ## - BIBLIOGRAPHY, ETC. NOTE |
| Bibliography, etc. note |
Includes bibliographical references (p. 493-523) and index. |
| 610 20 - SUBJECT ADDED ENTRY--CORPORATE NAME |
| Corporate name or jurisdiction name as entry element |
United Nations |
| General subdivision |
Sanctions. |
| 650 #0 - SUBJECT ADDED ENTRY--TOPICAL TERM |
| Topical term or geographic name entry element |
Sanctions (International law) |
| 650 #0 - SUBJECT ADDED ENTRY--TOPICAL TERM |
| Topical term or geographic name entry element |
Economic sanctions. |
| 650 #0 - SUBJECT ADDED ENTRY--TOPICAL TERM |
| Topical term or geographic name entry element |
Rule of law. |
| 856 42 - ELECTRONIC LOCATION AND ACCESS |
| Uniform Resource Identifier |
<a href="https://fll.law.cu.edu.eg/fulltext/bks/ENGB11-00100.pdf">https://fll.law.cu.edu.eg/fulltext/bks/ENGB11-00100.pdf</a> |
| 856 42 - ELECTRONIC LOCATION AND ACCESS |
| Materials specified |
Contributor biographical information |
| Uniform Resource Identifier |
<a href="http://www.loc.gov/catdir/enhancements/fy0834/2008272932-b.html">http://www.loc.gov/catdir/enhancements/fy0834/2008272932-b.html</a> |
| 856 42 - ELECTRONIC LOCATION AND ACCESS |
| Materials specified |
Publisher description |
| Uniform Resource Identifier |
<a href="http://www.loc.gov/catdir/enhancements/fy0834/2008272932-d.html">http://www.loc.gov/catdir/enhancements/fy0834/2008272932-d.html</a> |
| 856 41 - ELECTRONIC LOCATION AND ACCESS |
| Materials specified |
Table of contents only |
| Uniform Resource Identifier |
<a href="http://www.loc.gov/catdir/enhancements/fy0834/2008272932-t.html">http://www.loc.gov/catdir/enhancements/fy0834/2008272932-t.html</a> |
| 856 41 - ELECTRONIC LOCATION AND ACCESS |
| Materials specified |
Table of contents |
| Uniform Resource Identifier |
<a href="http://www.loc.gov/catdir/toc/fy0803/2008272932.html">http://www.loc.gov/catdir/toc/fy0803/2008272932.html</a> |
| 905 ## - Cataloger and Reviser Names |
| Cataloger Name: |
Hend El khosy |
| 942 ## - ADDED ENTRY ELEMENTS (KOHA) |
| Source of classification or shelving scheme |
Dewey Decimal Classification |
| Koha item type |
Books |
| Edition |
21 |
| Suppress in OPAC |
No |